000 00730nam a22002297a 4500
003 0
005 20251111172407.0
008 251111b xxu||||| |||| 00| 0 eng d
020 _a978-0-323-93067-3
050 _aRC 78.7
_b.J64 2025
100 _aJohnston, James N.,
_eauthor.
245 _aEssentials of radiographic physics and imaging /
_cJames N. Johnston.
250 _aFourth edition.
260 _aSt. Louis, Missouri :
_bElsevier,
_c2025.
300 _axi, 267 pages :
_bcolored illustrations ;
_c29 cm.
504 _aIncludes index.
650 _aRadiography, Medical.
650 _aRadiography
_xPhysics.
650 _aX‑ray imaging
_xEquipment & supplies.
650 _aRadiography
_xMethods.
942 _2lcc
_cBK
999 _c368602
_d368602